01046nam a2200241 a 450000100100000000500170001000800410002702000180006804000260008610000240011210000290013624500870016526000720025230000210032449000910034549000250043650400730046150400320053450000700056671000540063683000890069083000250077900004327620250909091242.0140303s2010 sp 000 0 spa d a9788483471227 aDO-SdBNPbspiacBNPHU1 aFals Borda, Orlando1 aJaramillo, Jaime Eduardo13aAntología de Orlando Fals Borda /cOrlando Fals Borda ; Jaime Eduardo Jaramillo. aMadrid :bAgencia Española de Cooperación Internacional,c2010. a282 p. ;c24 cm.1 aAntología del pensamiento político, social y económico de América latina ;v261 aCiencias y humanismo aIncluye referencias bibliográficas y notas al pie de las páginas aBibliografía : p. 276-282 aIncluye datos biográficos del autor en al solapa de la cubierta2 aAgencia Española de Cooperación Internacional 0aAntología del pensamiento político, social y económico de América latinav26 0aCiencias y humanismo